|
|
|
|
| LEADER |
00000cam a2200000 7i4500 |
| 001 |
0000086355 |
| 005 |
20140703093000.0 |
| 008 |
140408s2013 my may |
| 020 |
|
|
|a 9789670393797
|
| 050 |
0 |
0 |
|a BP158.I37
|b L65 2013
|
| 090 |
0 |
0 |
|a BP158.I37
|b L65 2013
|
| 100 |
0 |
|
|a Lokmanulhakim Hussain ,
|e author
|
| 245 |
1 |
0 |
|a Ijtihad jama'i dalam penetapan hukum syarak :
|b aplikasi di Malaysia
|c LokmanulHakim Hussain
|
| 260 |
|
|
|a Nilai, Negeri Sembilan :
|b INFAD, Universiti Sains Islam Malaysia ,
|c c2013
|
| 300 |
|
|
|a 38 p. :
|b ill. ;
|c 23 cm.
|
| 490 |
1 |
|
|a Monograf Infad
|
| 504 |
|
|
|a Includes bibliographical references (p. [37]-38)
|
| 650 |
|
0 |
|a Ijtihad (Islamic law)
|z Malaysia
|
| 999 |
|
|
|a 1000161385
|b Book
|c OPEN SHELF (30 DAYS)
|e Tembila Campus
|
| 999 |
|
|
|a 1000161386
|b Book
|c OPEN SHELF (30 DAYS)
|e Tembila Campus
|
| 999 |
|
|
|a 1000161387
|b Book
|c OPEN SHELF (30 DAYS)
|e Medical Campus
|